00893nam a2200217 a 450000100100000000500170001000800410002702000150006804000130008308200150009610000340011124501330014526000830027830000390036150400400040070000330044071000600047304900090053395201180054299900150066000000521120200929151617.0090818s1985 sp bd 000 0 spa d a8400060474 aDO-SdBNP axxxxbT6281 aTobar Jimenez, Antonio91488810aAproximación a la ecología de los fitonematodes del piso montano de Granada. /cAntonio Tobar Jimenez, Tomas Salmeron Parra. aGranada, España :bCSIC : Instituto López Neyra de Parasitología,c1985. a126 p. :bmap., diagraf. ;c25 cm. aIncluye bibliografías (p.115-126)1 aSalmeron Parra, Tomas9148891 aConsejo Superior de Investigaciones Científicas94786 aBNPD 001054708MOaGRbGRcCTd2009-08-18iLF1l0oxxxx T628p5211-10r2020-06-25w2020-06-25y4ZPréstamo en sala c5013d5013